000 00408nam a2200181Ia 4500
001 19916
005 20260306172728.0
008 260306t2010||||xx |||||||||||||| ||spa||
041 _aESP
082 _a341.4
_bL25
100 _aLarenz, Karl
_eAUT
245 0 _aMetodología de la ciencia del derecho
260 _c2010
300 _a
_c
650 _aGEN
654 _aCDE
942 _cLIB
_dJUS
_fJUS
_2ddc
_n
999 _c19916
_d19916